Name a Valid Taylor Swift Song - Statistics

General Stats
  • This quiz has been taken 257 times
  • The average score is 11 of 15
Answer Stats
Hint Answer % Correct
Contains a person's name in it's title august | betty | Dear John | dorothea | Hey Stephen | ivy | marjorie | Mary's Song | Paris | Ronan | When Emma Falls in Love | willow
95%
Most streamed songs on Spotify (not including features) Blank Space | Cruel Summer | Anti-Hero | Shake It Off | Lover
95%
Titles starting with "The" The 1 | The Archer | The Best Day | The Great War | the lakes | the last great american dynasty | The Last Time | The Lucky One | The Man | The Moment I Knew | The Other Side Of The Door | The Outside | The Story Of Us | The Way I Loved You
93%
Song titles that are also album titles Fearless | Speak Now | Red | Lover | evermore
91%
Contains a number in it's title 22 | All Too Well (10 Minute Version) | Foolish One | the 1
90%
Contains a specific place name in it's title coney island | Cornelia Street | Paris | London Boy | Welcome to New York
85%
Songs where Taylor laughs Hey Stephen | Speak Now | Better Than Revenge | Ours | We Are Never Ever Getting Back Together | Stay Stay Stay | I Bet You Think About Me | Shake It Off | Gorgeous | This Is Why We Can't Have Nice Things | I Forgot That You Existed | I Think He Knows
83%
Contains "Midnight" in it's lyrics 22 | Style | You Are In Love | New Year's Day | the last great american dynasty | happiness | Lavender Haze | Midnight Rain | Paris
80%
Mentions Fall/Autumn in it's lyrics The Best Day | Back To December | Red | All Too Well | Cornelia Street | marjorie
78%
Titles starting with the letter G Getaway Car | Girl At Home | Glitch | gold rush | Gorgeous
76%
Mentions "2 AM" in it's lyrics Mary's Song | Breathe | The Way I Loved You | Mine | Enchanted | Last Kiss | I Wish You Would
65%
Contains "sh*t" in it's lyrics I Did Something Bad | the 1| peace | gold rush | tolerate it | happiness | I Bet You Think About Me | Vigilante Sh*t | Lavender Haze | Maroon | Karma | Hits Different
59%
Speak Now Deluxe bonus songs (not vault tracks) Superman | Ours | If This Was A Movie
52%
Mentions Tuesday in it's lyrics You Belong With Me | Forever & Always | no body, no crime
48%
Contains a variation of "pink" in it's lyrics Wildest Dreams | It's Nice To Have A Friend | invisible string | gold rush
27%
No matching quizzes found
Score Distribution
Percent of People with Each Score
Percentile by Number Answered
Your Score History
You have not taken this quiz